Sobre poesía ingenua y poesía sentimental / (Record no. 18019)

MARC details
000 -LEADER
campo de control de longitud fija 00932nam a22002895i 4500
001 - NÚMERO DE CONTROL
campo de control 18019
003 - IDENTIFICADOR DE NÚMERO DE CONTROL
campo de control ES-MaACL
005 - FECHA Y HORA DE LA ÚLTIMA TRANSACCIÓN
campo de control 20250313063301.0
007 - CAMPO FIJO DE DESCRIPCIÓN FÍSICA--INFORMACIÓN GENERAL
campo de control de longitud fija t|
008 - DATOS DE LONGITUD FIJA--INFORMACIÓN GENERAL
campo de control de longitud fija 010803s1995 sp ||||0| spa j
020 ## - NÚMERO INTERNACIONAL ESTÁNDAR DEL LIBRO
Número Internacional Estándar del Libro 84-7962-077-3
040 ## - FUENTE DE CATALOGACIÓN
Centro catalogador/agencia de origen M-BN
Lengua de catalogación spa
Centro/agencia transcriptor M-BN
080 ## - NÚMERO DE LA CLASIFICACIÓN DECIMAL UNIVERSAL
Número de la Clasificación Decimal Universal 82-1.01
100 1# - ENTRADA PRINCIPAL--NOMBRE DE PERSONA
Nombre de persona Schiller, Friedrich,
Fechas asociadas al nombre 1759-1805
9 (RLIN) 104361
245 10 - MENCIÓN DEL TÍTULO
Título Sobre poesía ingenua y poesía sentimental /
Mención de responsabilidad, etc. Friedrich Schiller ; edición de Pedro Aullón de Haro sobre la versión de Juan Probst y Raimundo Lida.
260 ## - PUBLICACIÓN, DISTRIBUCIÓN, ETC.
Lugar de publicación, distribución, etc. Madrid :
Nombre del editor, distribuidor, etc. Verbum,
Fecha de publicación, distribución, etc. D.L. 1995.
300 ## - DESCRIPCIÓN FÍSICA
Extensión XXXII, 108 p ;
Dimensiones 20 cm.
490 1# - MENCIÓN DE SERIE
Mención de serie Verbum ensayo
650 14 - PUNTO DE ACCESO ADICIONAL DE MATERIA--TÉRMINO DE MATERIA
Término de materia o nombre geográfico como elemento de entrada Poética.
9 (RLIN) 16254
700 1# - ENTRADA AGREGADA--NOMBRE PERSONAL
Nombre de persona Probst, Juan.
9 (RLIN) 94011
700 1# - ENTRADA AGREGADA--NOMBRE PERSONAL
Nombre de persona Lida, Raimundo.
9 (RLIN) 72209
700 1# - ENTRADA AGREGADA--NOMBRE PERSONAL
Nombre de persona Aullón de Haro, Pedro
9 (RLIN) 23910
830 0# - PUNTO DE ACCESO ADICIONAL DE SERIE-TÍTULO UNIFORME
Título uniforme Verbum ensayo
9 (RLIN) 180363
852 ## - LOCALIZACIÓN
Ubicación ES-MaACL
Número de control de estantería L-24770
Sublocalización o colección R.130084
Holdings
Estatus retirado Estado de pérdida Estado de daño No para préstamo Biblioteca de origen Biblioteca actual Ubicación en estantería Fecha de adquisición Fuente de adquisición Total de préstamos Signatura topográfica completa Código de barras Visto por última vez Precio de reemplazo Tipo de ítem Koha
        Biblioteca del Ateneo de Madrid Biblioteca del Ateneo de Madrid Depósito 2 17/01/2008     L-24770 1018411 23/02/2023 23/02/2023 Libro impreso